Metodología de la investigación: las rutas cuantitativa, cualitativa y mixta (Registro nro. 13789)
[ vista simple ]
| 000 -Cabecera | |
|---|---|
| Campo de control de longitud fija | 01059nam a22003617a 4500 |
| 005 - Fecha y hora de la última transacción | |
| Campo de control | 20260326094115.0 |
| 008 - Elementos de longitud fija--Información general | |
| Campo de control de longitud fija | 250410b2023 |||||||| |||| 00| 0 spa d |
| 020 ## - International Standard Book Number | |
| Número Internacional Estándar del Libro (ISBN) | 9786071520319 |
| 041 ## - Idioma | |
| Código de idioma | Español |
| 082 ## - Clasificación Decimal Dewey | |
| Número de clasificación | 001.42 H557m2 |
| 100 ## - Entrada principal--Autor personal | |
| Nombre personal | Hernández Sampieri, Roberto |
| 100 ## - Entrada principal--Autor personal | |
| Nombre personal | Mendoza Torres, Christian |
| 245 ## - Título propiamente dicho | |
| Título | Metodología de la investigación: las rutas cuantitativa, cualitativa y mixta |
| 250 ## - Edición | |
| Mención de edición | 2 edición |
| 260 ## - Pie de imprenta | |
| Lugar de publicación, distribución, etc. | México |
| 260 ## - Pie de imprenta | |
| Nombre del editor, distribuidor, etc. | McGraw Hill |
| 260 ## - Pie de imprenta | |
| Fecha de publicación, distribución, etc. | 2023 |
| 300 ## - Descripción física | |
| Extensión | 752 páginas |
| 490 ## - Serie | |
| Título de la Serie | Temática General |
| 650 ## - Materia general | |
| Temática (materia general) | MÉTODOS DE INVESTIGACIÓN |
| 650 ## - Materia general | |
| Temática (materia general) | RUTAS DE LA INVESTIGACIÓN |
| 650 ## - Materia general | |
| Temática (materia general) | PLANTEAMIENTO DEL PROBLEMA |
| 650 ## - Materia general | |
| Temática (materia general) | ELABORACIÓN DEL MARCO TEÓRICO |
| 650 ## - Materia general | |
| Temática (materia general) | FORMULACIÓN DE HPÓTESIS |
| 650 ## - Materia general | |
| Temática (materia general) | MUESTRA |
| 650 ## - Materia general | |
| Temática (materia general) | RECOLECCIÓN DE DATOS |
| 650 ## - Materia general | |
| Temática (materia general) | ANÁLISIS DE DATOS |
| 650 ## - Materia general | |
| Temática (materia general) | REPORTE DE RESULTADOS |
| 650 ## - Materia general | |
| Temática (materia general) | MÉTODOS MIXTOS |
| 650 ## - Materia general | |
| Temática (materia general) | PROPUESTA DE INVESTIGACIÓN |
| 650 ## - Materia general | |
| Temática (materia general) | PROYECTO DE INVESTIGACIÓN |
| 942 ## - Punto de acceso adicional KOHA | |
| Fuente del sistema de clasificación o colocación | Dewey Decimal Classification |
| Tipo de ítem KOHA | Libro |
| Signatura completa | Código de barras | En préstamo | Programa Académico | Tipo de ítem |
|---|---|---|---|---|
| 001.42 H557m2 | 26009 | 03/02/2026 | Temática General | Libro |